Quand le texte devient parole: anthologie de ses études bibliques offerte à Jacques Chopineau à l'occasion de sa retraite comme professeur d'exégèse de l'Ancien Testament

Saved in:  
Bibliographic Details
Main Author: Chopineau, Jacques 1936-2015 (Author)
Format: Print Book
Language:French
Subito Delivery Service: Order now.
Check availability: HBZ Gateway
WorldCat: WorldCat
Interlibrary Loan:Interlibrary Loan for the Fachinformationsdienste (Specialized Information Services in Germany)
Published: Bruxelles Faculté Universitaire de Théologie Protestante 2001
In: Analecta Bruxellensia (6)
Year: 2001
Volumes / Articles:Show volumes/articles.
Series/Journal:Analecta Bruxellensia 6
Standardized Subjects / Keyword chains:B Old Testament
RelBib Classification:HA Bible
Further subjects:B Collection of essays
B Biblical studies
B Festschrift

MARC

LEADER 00000cam a2200000 c 4500
001 1165934116
003 DE-627
005 20250710094217.0
007 tu
008 011211s2001 xx ||||| 00| ||fre c
035 |a (DE-627)1165934116 
035 |a (DE-576)095934111 
035 |a (DE-599)BSZ095934111 
035 |a (OCoLC)66651545 
040 |a DE-627  |b ger  |c DE-627  |e rakwb 
041 |a fre 
084 |a 6,22  |a 1  |2 ssgn 
084 |a 1  |2 ssgn 
100 1 |0 (DE-588)13343303X  |0 (DE-627)691441723  |0 (DE-576)272693413  |4 aut  |a Chopineau, Jacques  |d 1936-2015 
109 |a Chopineau, Jacques 1936-2015 
245 1 0 |a Quand le texte devient parole  |b anthologie de ses études bibliques offerte à Jacques Chopineau à l'occasion de sa retraite comme professeur d'exégèse de l'Ancien Testament 
264 1 |a Bruxelles  |b Faculté Universitaire de Théologie Protestante  |c 2001 
300 |a 183 S. 
336 |a Text  |b txt  |2 rdacontent 
337 |a ohne Hilfsmittel zu benutzen  |b n  |2 rdamedia 
338 |a Band  |b nc  |2 rdacarrier 
490 1 |a Analecta Bruxellensia  |v 6 
500 |a Festschrift Jacques Chopineau 
583 1 |a Archivierung prüfen  |c 20200919  |f DE-640  |z 1  |2 pdager 
583 1 |a Archivierung/Langzeitarchivierung gewährleistet  |f SSG  |x XA-DE-BW  |2 pdager  |5 DE-21 
601 |a Anthologie 
650 0 7 |0 (DE-588)4135180-0  |0 (DE-627)105667005  |0 (DE-576)209658614  |a Bibelwissenschaft  |2 gnd 
652 |a HA 
655 7 |a Aufsatzsammlung  |0 (DE-588)4143413-4  |0 (DE-627)105605727  |0 (DE-576)209726091  |2 gnd-content 
655 7 |a Festschrift  |0 (DE-588)4016928-5  |0 (DE-627)104400986  |0 (DE-576)208917802  |2 gnd-content 
689 0 0 |d u  |0 (DE-588)4001515-4  |0 (DE-627)104603666  |0 (DE-576)208843116  |a Bibel  |2 gnd  |p Altes Testament 
689 0 |5 (DE-627) 
830 0 |a Analecta Bruxellensia  |v 6  |9 6  |w (DE-627)24682087X  |w (DE-576)067290787  |w (DE-600)1436370-7  |x 1372-7281  |7 am 
935 |a mteo  |a BIIN 
951 |a BO 
ACO |a 1 
BIB |a 1 
ELC |b 1 
ITA |a 1  |t 1 
LOK |0 000 xxxxxcx a22 zn 4500 
LOK |0 001 2404648225 
LOK |0 003 DE-627 
LOK |0 004 1165934116 
LOK |0 005 20020213000000 
LOK |0 008 011211||||||||||||||||ger||||||| 
LOK |0 040   |a DE-21  |c DE-627  |d DE-21 
LOK |0 852   |a DE-21 
LOK |0 852 1  |c ZA 9665-6  |9 00 
LOK |0 935   |a theo 
LOK |0 936ln  |a t2.1 
LOK |0 939   |a 11-12-01  |b l01 
LOK |0 000 xxxxxcx a22 zn 4500 
LOK |0 001 3060482969 
LOK |0 003 DE-627 
LOK |0 004 1165934116 
LOK |0 005 20190311235830 
LOK |0 008 190311||||||||||||||||ger||||||| 
LOK |0 035   |a (DE-Tue135-1)132219 
LOK |0 040   |a DE-Tue135-1  |c DE-627  |d DE-Tue135-1 
LOK |0 852   |a DE-Tue135-1 
LOK |0 852 1  |c FTHAT051258  |m p  |9 00 
LOK |0 852 2  |b F 75  |9 00 
LOK |0 935   |a iMON 
LOK |0 936ln  |0 144204408X  |a HA 
LOK |0 938   |k p 
LOK |0 939   |a 11-03-19  |b l12 
ORI |a SA-MARC-ixtheoa001.raw 
REL |a 1 
SPR |a 1  |t BIB  |t IXT  |t REL 
STA 0 0 |a Biblical studies 
STB 0 0 |a Science biblique 
STC 0 0 |a Exegesis 
STD 0 0 |a Esegesi biblica 
STE 0 0 |a 圣经研究 
STF 0 0 |a 聖經研究 
STG 0 0 |a Exegese 
STH 0 0 |a Библеистика 
STI 0 0 |a Βιβλική ερμηνεία 
SUB |a BIB  |a REL 
SYG 0 0 |a Hebrew Bible, critical edition,HBCE,Oxford Hebrew Bible,Biblia Hebraica quinta,BHQ,Biblia Hebraica,Biblia Hebraica,Hebräische Bibel,Septuaginta,Septuagint,Masoretentext,Massoretentext,Masoretischer Text,Altes Testament,Tenach,Testamentum vetus,Vetus testamentum,Erstes Testament,L'Ancien Testament,The Old Testament,Jüdische Bibel,Tanach,Tanakh,Tenakh,Miqra,al-ʿAhd al-ʿatīq,Torah neviʾim ketuvim,Torah neviʾim u-ketuvim,Sefer Torah neviʾim ketuvim,Tôrā nĕvîʾîm û-ḵtûvîm,Die Israelitische Bibel,The Hebrew Bible,Kyûyaku Seisho,Tèstamènt bieu,Antiguo Testamento,Nnom Elat,Bible,O.T.,Bible,Old Testament,תנ"ך,תנך